Online Catalogue and eLibrary

Kadathurawa hera (Record no. 5138)

MARC details
000 -LEADER
fixed length control field 00581nam a2200157Ia 4500
005 - DATE AND TIME OF LATEST TRANSACTION
control field 20250616020153.0
008 - FIXED-LENGTH DATA ELEMENTS--GENERAL INFORMATION
fixed length control field 240331s9999 xx 000 0 und d
020 ## - INTERNATIONAL STANDARD BOOK NUMBER
ISBN 9551274020
082 ## - DDC Classification
Item Number - Author Mark PER
Class No. 305
100 ## - MAIN ENTRY--PERSONAL NAME
Personal name Perera,J
245 #0 - TITLE STATEMENT
Title Kadathurawa hera
260 ## - PUBLICATION, DISTRIBUTION, ETC.
Place of publication, distribution, etc. Colombo
Name of publisher, distributor, etc. National Peace Council
Date of publication, distribution, etc. 2005
300 ## - PHYSICAL DESCRIPTION
Extent (e.g. Volumes, Pages etc.) 194 p .,
500 ## - GENERAL NOTE
General note This Book contains a number of article written by journalist who visited the government- controlled Jaffna and the LTTE- controlled Kilinochchi areas during a tour organized by the National Peace Council in September 2004.
942 ## - Koha item type (Biblio)
Koha item type Books in Stacks (Lending)
Holdings
Lost status Damaged status Collection code Home library Current library Shelving location Date acquired Full call number Accession Number Item type
    Lending WERC Library WERC Library Social Science Cupboard 03/31/2024 305.8 PER 5612 Books in Stacks (Lending)

© WERC Library